| 000 | 00481cam a22001337a 4500 | ||
|---|---|---|---|
| 008 | 180718b2006 xxu||||| |||| 00| 0 eng d | ||
| 082 | _aAPPPA/2005-06/SRI/47 | ||
| 100 | _aSrivastava, Vijaya | ||
| 245 |
_aWomen's empowerment through self help groups _cby Vijaya Srivastava |
||
| 260 |
_aNew Delhi _bIndian Institute of Public Administration _c2006 |
||
| 300 | _a110p. | ||
| 500 | _aAn APPPA M.Phil dissertation, 2005-06 (Guide: Prof. Pranab Banerji) | ||
| 650 | _aWomen's empowerment | ||
| 999 |
_c493393 _d493393 |
||